000 01141nam0a22002771 4500
001 RU\NLR\INFOCOMM_195\5000070992
005 20260406110633.0
035 _a(NLR Aleph) 009374704
090 _a7944524
_c7944524
100 _a20101228d1986 |||y0rusy50 ca
101 0 _ager
102 _aRU
105 _ay ||||000|y
200 1 _aDie Umgestaltung duldet keinen Aufschub, sie betrifft alles und jeden
_eRede Michail Gorbatschows vor dem Aktiv der Regionsparteiorganisation Chabarowsk, 31. Juli 1986
210 _aM.
_cAPN-Verl.
_d1986
215 _a38 с.
_d17 см
300 _aВ вып. дан.: Перестройка неотложна, она касается всех и во всем / Михаил Сергеевич Горбачев
686 _aФ61(2)273-4, 011.1
_2rubbk
686 _aФ61(2Р55)273-4, 011.1
_2rubbk
700 1 _4070
_8rus
_7ba
_aGorbačev
_bM. S.
_cгос. деятель
_f1931-2022
_gMichail Sergeevič
_3RU\NLR\AUTH\77110387
_993312
790 1 _9z01700
_aGorbatschow
_bM.
_gMichail
_4070
801 1 _aRU
_bNLR
_c20101228
801 0 _aRU
_bNLR
_gPSBO
852 _aNLR
_jИп31 Д-2/183
942 _cBOOK
980 _aNB